<?xml version="1.0" encoding="UTF-8"?>
<record
    xmlns:xsi="http://www.w3.org/2001/XMLSchema-instance"
    xsi:schemaLocation="http://www.loc.gov/MARC21/slim http://www.loc.gov/standards/marcxml/schema/MARC21slim.xsd"
    xmlns="http://www.loc.gov/MARC21/slim">

  <leader>00621naa a22001935a 4500</leader>
  <controlfield tag="001">80268</controlfield>
  <controlfield tag="003">BD-RjUL</controlfield>
  <controlfield tag="005">20220831110635.0</controlfield>
  <controlfield tag="008">220831s1964    p  ||||| |||| 00| 0 urd d</controlfield>
  <datafield tag="035" ind1=" " ind2=" ">
    <subfield code="a">(BD-RjUL)80268</subfield>
  </datafield>
  <datafield tag="040" ind1=" " ind2=" ">
    <subfield code="a">BD-RjUL</subfield>
    <subfield code="b">eng</subfield>
    <subfield code="c">BD-RjUL</subfield>
  </datafield>
  <datafield tag="041" ind1=" " ind2=" ">
    <subfield code="a">urd</subfield>
  </datafield>
  <datafield tag="082" ind1=" " ind2=" ">
    <subfield code="2">23</subfield>
    <subfield code="a">891.4391</subfield>
    <subfield code="b">SHA 1964</subfield>
  </datafield>
  <datafield tag="100" ind1=" " ind2=" ">
    <subfield code="a">&#x634;&#x6CC;&#x631;&#x627;&#x646;&#x6CC;,  &#x627;&#x62E;&#x62A;&#x631;  ## Shirani, Akhter</subfield>
    <subfield code="9">4566</subfield>
  </datafield>
  <datafield tag="245" ind1="1" ind2="0">
    <subfield code="a"> &#x627;&#x62E;&#x62A;&#x631; &#x634;&#x64A;&#x631;&#x627;&#x646;&#x64A; &#x627;&#x648;&#x631; &#x627;&#x633; &#x643;&#x64A; &#x634;&#x627;&#x639;&#x631;&#x64A;  ## akhtar shirani awar as ki shaeiri   /</subfield>
    <subfield code="c">by &#x627;&#x62E;&#x62A;&#x631; &#x634;&#x6CC;&#x631;&#x627;&#x646;&#x6CC;  ## by Akhtar Shirany</subfield>
  </datafield>
  <datafield tag="260" ind1=" " ind2=" ">
    <subfield code="a">Lahore:</subfield>
    <subfield code="b">Ayna adab ,</subfield>
    <subfield code="c">1946</subfield>
  </datafield>
  <datafield tag="650" ind1=" " ind2=" ">
    <subfield code="a">Urdu Poetry</subfield>
  </datafield>
  <datafield tag="942" ind1=" " ind2=" ">
    <subfield code="2">ddc</subfield>
    <subfield code="c">BK</subfield>
  </datafield>
  <datafield tag="999" ind1=" " ind2=" ">
    <subfield code="c">80268</subfield>
    <subfield code="d">80268</subfield>
  </datafield>
  <datafield tag="952" ind1=" " ind2=" ">
    <subfield code="0">0</subfield>
    <subfield code="1">0</subfield>
    <subfield code="2">ddc</subfield>
    <subfield code="4">0</subfield>
    <subfield code="7">1</subfield>
    <subfield code="8">NFIC</subfield>
    <subfield code="a">RUCL</subfield>
    <subfield code="b">RUCL</subfield>
    <subfield code="c">Reading</subfield>
    <subfield code="d">2022-08-31</subfield>
    <subfield code="l">0</subfield>
    <subfield code="o">U 891.4391 SHA 1964</subfield>
    <subfield code="r">2022-08-31 00:00:00</subfield>
    <subfield code="t">C-1</subfield>
    <subfield code="w">2022-08-31</subfield>
    <subfield code="y">BK</subfield>
  </datafield>
</record>
